| 000 | 00584nam a2200193Ia 4500 | ||
|---|---|---|---|
| 003 | GCL | ||
| 008 | 140319s9999 xx 000 0 ara d | ||
| 040 |
_aGCL / _cGCL |
||
| 082 | 0 | 4 |
_aد _b050 |
| 100 | 1 | _aعبدالستار ابراهيم | |
| 245 | 1 | 0 |
_aالانسان وعلم النفس ( عالم المعرفة 86 ) / _cعبدالستار ابراهيم |
| 300 | _a336 ص | ||
| 490 |
_aعالم المعرفة _v0 |
||
| 650 | 0 | 4 | _aالانسان |
| 650 | 0 | 4 | _aعلم النفس |
| 650 | 0 | 4 | _aالانثربولوجيا |
| 650 | 0 | 4 | _aالاجناس - علم |
| 942 |
_2ddc _cBK |
||
| 999 |
_c50232 _d50232 |
||